Score 0/11 Timer 01:00
0 Plays Today
Clue 3-Letter Word % Correct
To repair or mendFIX
98.2%
The number of legs all insects haveSIX
97.9%
The inverse of nearFAR
97.9%
To send a document through use of a phone lineFAX
97.6%
What a dog does with his tail if happyWAG
97%
A state of usually open and declared armed hostile conflict between states or nationsWAR
95.3%
A bodily appendage used for standingLEG
94.5%
To fall behindLAG
93.4%
A pirate's substitute for a missing [Rung 8]PEG
88.8%
An item believed to be mightier than the swordPEN
83.5%
Number of pins in bowlingTEN
81%

Today's Daily Dose

Remove Ads.
Support Sporcle.
Get the best of Sporcle when you Go Orange. This ad-free experience offers more features, more stats, and more fun while also helping to support Sporcle. Thank you for becoming a member.

You're not logged in!

Compare scores with friends on all Sporcle quizzes.
OR
Log In

Show Comments

Extras

Top Quizzes Today


Score Distribution

Your Account Isn't Verified!

In order to create a playlist on Sporcle, you need to verify the email address you used during registration. Go to your Sporcle Settings to finish the process.

Report this User

Report this user for behavior that violates our Community Guidelines.

Details: